000 01062nam a22002897a 4500
001 03764
003 HDC
007 cr bn ---aaaaa
008 210111t1998 nyu||||| |||| 00| 0 eng
020 _a0-203-22306-3
040 _aHDC
100 _aMeiri, Hamutal
_eauthor
_93532
245 0 _aAgricultural Biotechnology. Chapter 1 :
_bAgriculture and Agricultural Biotechnology: Development Trends Toward the 21st Century / by
_cHamutal Meiri and Arie Altman
260 _aNew York :
_bMARCEL DEKKER,
_c1998
300 _a17 pages
336 _atext
_2rdacontent
337 _acomputer
_2rdamedia
338 _aonline resource
_2rdacarrier
650 _aAgricultural Biotechnology
_91565
650 _aagricultural developments
_93533
650 _aTraditional agriculture
_93534
700 _aAltman, Arie
_eauthor
_93518
856 _zRequest full-text at [email protected]
942 _2lcc
942 _cCHAP
942 _kEBCH 001686
999 _c1100
_d1100